00439nam a2200157Ia 4500999001700000003000400017005001700021008004100038040001800079082001800097100002000115245005600135260003900191300000900230942004200239 c17518d17518OSt20200606120041.0190216s9999||||xx |||||||||||||| ||und|| cMESKC library a891.43bGOE/H aGoel, Usha9239 0aHindi Kahani Charitra Chitran Ka Vikas /cUsha Goel bMathan Publication,aDelhi:c1981. a287p cBK2ddch891.43iGOE/Hk891.43mGOE/H